| 000 | 00982nam a22002175i 4500 | ||
|---|---|---|---|
| 001 | 151469 | ||
| 003 | ES-MaACL | ||
| 005 | 20250822063211.0 | ||
| 008 | 050726m17891790fr | |||||||| ||fre d | ||
| 040 |
_aCAM _bspa _cCAM |
||
| 100 | 1 |
_aAmiot, Joseph Marie, _d1718-1793 _9125663 |
|
| 245 | 1 | 0 |
_aDictionnaire tartare-mantchou françois _b: composé d'après un dictionnaire mantchou-chinois / _cpar M. Amyot, missionnaire a Pékin ; rédigé et publié avec des additions et l'alphabet de cette langue par L. Langlès. |
| 260 |
_aA Paris : _bImprimé par Fr. Amb. Didot l'ainé, avec les caracteres gravés par Fermine Didot, _c1789-1790. |
||
| 300 |
_a3 t. 2 v. (XL-592 p., XX-575-240 p.) ; _cFol. |
||
| 596 | _aMarca tip. en port. | ||
| 597 | _aAntep. | ||
| 650 | 4 |
_aLengua manchú. _9136365 |
|
| 700 | 1 |
_aLangles, Louis ( _d1763-1824) _9128672 |
|
| 852 |
_aES-MaACL _jR-170-171 _z-- Enc. piel con hierros _x Olim: B-11290-91 |
||
| 999 |
_c151469 _d151469 |
||